000 00785nam a2200241Ia 4500
003 OSt
005 20220923213528.0
006 a|||||r|||| 00| 0
007 ta
008 220922b |||||||| |||| 00| 0 hin d
024 _a162,601
037 _cTextual
040 _aARTS
_cARTS
_bhin
041 _2hin
_ahin
082 _aO152,3M80:g, L0
100 _aकोठारी, कोमल; देखा, विजयदान
_9163066
245 0 _aप्रेमचंद के पात्र
246 _aPremachanda ke pātra
260 _c1970
650 _aहिन्दी साहित्य
_9156264
942 _hO152,3M80:g, L0
_cTEXL
_2CC
999 _c317081
_d317081